Минерально-сырьевые циклы производств Азиатской России. Региональные черты становления и развития

Detaylı Bibliyografya
Yazar: Савельева И. Л. Ирина Леонидовна
Müşterek Yazar: Российская академия наук (РАН) Сибирское отделение (СО) Институт географии им. В. Г. Сочавы (ИГ)
Diğer Yazarlar: Ишмуратов Б. М. (редактор)
Özet:На основе концепции минерально-сырьевых циклов производств анализируются их состояние и роль в азиатской части страны в новых экономических условиях. Рассматриваются историко-географические черты развития отдельных цепочек производств, особенности их территориальных, функциональных и институциональных структур, сырьевой базы, а также значимость в развитии производительных сил страны и региона, участие в международном разделении труда. Характеризуются технико-экономические основы формирования минерально-сырьевых циклов и роль их видов в решении проблем рационального использования полезных ископаемых. Монография — первая в географической литературе попытка проанализировать внутрирегиональные минерально-сырьевые структуры производства в соответствии с абстрактными (идеальными) схемами их развития, соответствующими комплексному (рациональному) природопользованию. Для экономико-географов и экономистов, а также специалистов, чьи интересы связаны с территориальной организацией минерально-сырьевого сектора экономики азиатских регионов страны.
Dil:Rusça
Baskı/Yayın Bilgisi: Новосибирск, Изд-во СО РАН, 2007
Konular:
Materyal Türü: Kitap
KOHA link:https://koha.lib.tpu.ru/cgi-bin/koha/opac-detail.pl?biblionumber=71438

MARC

LEADER 00000nam0a2200000 4500
001 71438
005 20231101212600.0
010 |a 9785769209468 
035 |a (RuTPU)RU\TPU\book\76060 
090 |a 71438 
100 |a 20041217d2007 k y0rusy50 ca 
101 0 |a rus 
102 |a RU 
105 |a ab z 001zy 
200 1 |a Минерально-сырьевые циклы производств Азиатской России. Региональные черты становления и развития  |f И. Л. Савельева  |g Российская академия наук (РАН), Сибирское отделение (СО), Институт географии им. В. Г. Сочавы (ИГ) ; под ред. Б. М. Ишмуратова 
210 |a Новосибирск  |c Изд-во СО РАН  |d 2007 
215 |a 274 с.  |c ил. 
320 |a Библиогр.: с. 260-271. 
330 |a На основе концепции минерально-сырьевых циклов производств анализируются их состояние и роль в азиатской части страны в новых экономических условиях. Рассматриваются историко-географические черты развития отдельных цепочек производств, особенности их территориальных, функциональных и институциональных структур, сырьевой базы, а также значимость в развитии производительных сил страны и региона, участие в международном разделении труда. Характеризуются технико-экономические основы формирования минерально-сырьевых циклов и роль их видов в решении проблем рационального использования полезных ископаемых. Монография — первая в географической литературе попытка проанализировать внутрирегиональные минерально-сырьевые структуры производства в соответствии с абстрактными (идеальными) схемами их развития, соответствующими комплексному (рациональному) природопользованию. Для экономико-географов и экономистов, а также специалистов, чьи интересы связаны с территориальной организацией минерально-сырьевого сектора экономики азиатских регионов страны. 
606 1 |a Экономическая география  |2 stltpush  |3 (RuTPU)RU\TPU\subj\26570  |9 50467 
610 1 |a минеральное сырье 
610 1 |a минеральные ресурсы 
610 1 |a минерально-сырьевые ресурсы 
610 1 |a минерально-сырьевой комплекс 
610 1 |a азиатская часть 
610 1 |a Россия 
610 1 |a природопользование 
610 1 |a топливная промышленность 
610 1 |a угольная промышленность 
610 1 |a нефтяная промышленность 
610 1 |a газовая промышленность 
610 1 |a цветная металлургия 
610 1 |a алюминиевая промышленность 
686 |a У04(2Р5)  |v LBC/SL-A  |2 rubbk 
700 1 |a Савельева  |b И. Л.  |g Ирина Леонидовна 
702 1 |a Ишмуратов   |b Б. М.  |4 340 
712 0 2 |a Российская академия наук (РАН)  |b Сибирское отделение (СО)  |b Институт географии им. В. Г. Сочавы (ИГ)  |c (Иркутск)  |2 stltpush  |3 (RuTPU)RU\TPU\col\3764 
801 1 |a RU  |b 63413507  |c 20041217  |g PSBO 
801 2 |a RU  |b 63413507  |c 20150205  |g PSBO 
942 |c BK